| 000 | 00756nam a2200253 i 4500 | ||
|---|---|---|---|
| 003 | DO-SdBNP | ||
| 005 | 20250120072501.0 | ||
| 007 | ta | ||
| 008 | 250115b2024 dr ||||| |||| 00| 0 spa d | ||
| 020 | _a9789945651157 | ||
| 040 |
_aDO-SdBNP _bspa _cBNPHU _erda |
||
| 082 | 4 |
_axxxx _bD636 _222 |
|
| 100 | _986895 | ||
| 245 | 1 | 0 |
_aDoce años del TC : _buna mirada desde la prensa |
| 246 |
_a12 años del TC : _buna mirada desde la prensa |
||
| 264 |
_aSanto Domingo : _bTribunal Constitucional, República Dominicana _c2024. |
||
| 300 |
_a583 páginas : _c27 cm. |
||
| 336 |
_atexto _btxt _2rdacontent |
||
| 337 |
_asin mediación _bn _2rdamedia |
||
| 338 |
_avolumen _bnc _2rdacarrier |
||
| 590 | _aInventariado, 2025/DG | ||
| 910 | _aDG | ||
| 942 |
_2ddc _cLBS1 |
||
| 999 |
_c58071 _d58071 |
||